000 02454cam a2200469 i 4500
001 19437265
003 OSt
005 20230923152301.0
008 170111s2017 riua b 001 0 eng
010 _a 2017001191
020 _a9781470435820 (pbk. : acidfree paper)
040 _aDLC
_beng
_cDLC
_erda
_dDLC
042 _apcc
050 0 0 _aQA567.2.E44
_bS534 2017
082 0 0 _a516.352
_bSHE/M
084 _a11-01
_a68-01
_a11Axx
_a14G50
_a11T71
_a68P25
_a11Y05
_a94A60
_a11G05
_a81P68
_2msc
100 1 _aShemanske, Thomas R.,
_d1952-
_99585
245 1 0 _aModern cryptography and elliptic curves :
_ba beginner's guide /
_cThomas R. Shemanske.
264 1 _aProvidence, Rhode Island :
_bAmerican Mathematical Society,
_c[2017]
300 _axii, 250 pages :
_billustrations ;
_c22 cm.
336 _atext
_btxt
_2rdacontent
337 _aunmediated
_bn
_2rdamedia
338 _avolume
_bnc
_2rdacarrier
490 0 _aStudent mathematical library ;
_vvolume 83
504 _aIncludes bibliographical references and index.
650 0 _aCurves, Elliptic
_vTextbooks.
650 0 _aGeometry, Algebraic
_vTextbooks.
650 0 _aCryptography
_vTextbooks.
650 7 _aNumber theory -- Instructional exposition (textbooks, tutorial papers, etc.).
_2msc
650 7 _aComputer science -- Instructional exposition (textbooks, tutorial papers, etc.).
_2msc
650 7 _aNumber theory -- Elementary number theory -- Elementary number theory.
_2msc
650 7 _aAlgebraic geometry -- Arithmetic problems. Diophantine geometry -- Applications to coding theory and cryptography.
_2msc
650 7 _aNumber theory -- Finite fields and commutative rings (number-theoretic aspects) -- Algebraic coding theory; cryptography.
_2msc
650 7 _aComputer science -- Theory of data -- Data encryption.
_2msc
650 7 _aNumber theory -- Computational number theory -- Factorization.
_2msc
650 7 _aInformation and communication, circuits -- Communication, information -- Cryptography.
_2msc
650 7 _aNumber theory -- Arithmetic algebraic geometry (Diophantine geometry) -- Elliptic curves over global fields.
_2msc
650 7 _aQuantum theory -- Axiomatics, foundations, philosophy -- Quantum computation.
_2msc
906 _a7
_bcbc
_corignew
_d1
_eecip
_f20
_gy-gencatlg
942 _2ddc
_cBK
_h516.352
_iSHE/M
_k516.352
_mSHE/M
999 _c42315
_d42315